Legal and Political System in China (Record no. 1190573)

MARC details
000 -LEADER
fixed length control field 00736nam a2200265Ia 4500
003 - CONTROL NUMBER IDENTIFIER
control field OSt
005 - DATE AND TIME OF LATEST TRANSACTION
control field 20221007110357.0
008 - FIXED-LENGTH DATA ELEMENTS--GENERAL INFORMATION
fixed length control field 221006b |||||||| |||| 00| 0 eng d
037 ## - SOURCE OF ACQUISITION
Terms of availability Textual
040 ## - CATALOGING SOURCE
Original cataloging agency LCO
Transcribing agency LCO
Language of cataloging eng
041 ## - LANGUAGE CODE
Source of code eng
Language code of text/sound track or separate title eng
100 ## - MAIN ENTRY--PERSONAL NAME
Personal name Bhatia H.S. Ed.
245 #0 - TITLE STATEMENT
Title Legal and Political System in China
260 ## - PUBLICATION, DISTRIBUTION, ETC.
Place of publication, distribution, etc. New
Name of publisher, distributor, etc. Delhi Deep & Deep Publications India
Date of publication, distribution, etc. 1974
300 ## - PHYSICAL DESCRIPTION
Extent 200
490 ## - SERIES STATEMENT
Volume/sequential designation Vol.- II
650 ## - SUBJECT ADDED ENTRY--TOPICAL TERM
Topical term or geographic name entry element POLITICAL SYSTEM IN CHINA
9 (RLIN) 707401
700 ## - ADDED ENTRY--PERSONAL NAME
Personal name Chung Tan Ed.
942 ## - ADDED ENTRY ELEMENTS (KOHA)
Classification part Z0aWv41,A, L4
Koha item type Textual
Holdings
Withdrawn status Lost status Damaged status Not for loan Home library Current library Date acquired Serial Enumeration / chronology Total Checkouts Full call number Barcode Date last seen Price effective from Koha item type
        Law Centre-I Library Law Centre-I Library 2022-10-07 Vol.- I   Z0aWv41,A L4 LO7559 I 2022-10-07 2022-10-07 Textual
Copyright @ Delhi University Library System